000 00434pam a2200169 a 4500
020 _a9783131440617
_c995.00
041 _aeng
_hNULL
082 _a612
_bSIR
100 _aSIRCAR, S .
245 _aPRINCIPLES OF MEDICAL PHYSIOLOGY /
_cNULL.
_hTextual Documents
260 _aNULL :
_bTHIEME ,
_c2008.
300 _a793 :
_bXIII ;
_cA4 .
365 _a995.00
930 _a3998
999 _c798532
_d798532
650 _aPHYSIOLOGY